|
|
|
|
| LEADER |
00000nam0a2200000 4500 |
| 001 |
292174 |
| 005 |
20231102000452.0 |
| 035 |
|
|
|a (RuTPU)RU\TPU\book\316789
|
| 090 |
|
|
|a 292174
|
| 100 |
|
|
|a 20150421d1983 k y0rusy5003 ca
|
| 101 |
0 |
|
|a rus
|
| 102 |
|
|
|a KG
|
| 105 |
|
|
|a a z 001zy
|
| 200 |
1 |
|
|a Повышение полноты и качества извлечения полезных ископаемых на карьерах Средней Азии
|e [монография]
|f Г. В. Секисов, А. А. Ашимбаев
|g Академия наук Киргизской ССР (АН КиргССР), Институт физики и механики горных пород
|
| 210 |
|
|
|a Фрунзе
|c Илим
|d 1983
|
| 215 |
|
|
|a 188 с.
|c ил.
|d 20 см
|
| 320 |
|
|
|a Библиогр.: с. 183-188
|
| 606 |
1 |
|
|a Карьеры
|x Разработка
|2 stltpush
|3 (RuTPU)RU\TPU\subj\39390
|9 59503
|
| 606 |
1 |
|
|a Полезные ископаемые
|x Потери в недрах
|x Технико-экономический расчет
|2 stltpush
|3 (RuTPU)RU\TPU\subj\50076
|9 68825
|
| 610 |
1 |
|
|a выемка
|
| 610 |
1 |
|
|a количественная оценка
|
| 610 |
1 |
|
|a руды
|
| 610 |
1 |
|
|a добыча
|
| 610 |
1 |
|
|a полнота
|
| 610 |
1 |
|
|a качество
|
| 610 |
1 |
|
|a природные камни
|
| 610 |
1 |
|
|a открытая добыча
|
| 610 |
1 |
|
|a технология
|
| 610 |
1 |
|
|a параметры
|
| 610 |
1 |
|
|a рудоподготовка
|
| 610 |
1 |
|
|a переработка
|
| 610 |
1 |
|
|a монографии
|
| 675 |
|
|
|a 622.271
|z rus
|v 4
|
| 675 |
|
|
|a 622.3
|z rus
|v 4
|
| 700 |
|
1 |
|a Секисов
|b Г. В.
|g Геннадий Валентинович
|4 070
|
| 701 |
|
1 |
|a Ашимбаев
|b А. А.
|g Абдаким Ашимбаевич
|4 070
|
| 712 |
0 |
2 |
|a Академия наук Киргизской ССР (АН КиргССР)
|b Институт физики и механики горных пород
|2 stltpush
|3 (RuTPU)RU\TPU\col\12429
|
| 801 |
|
0 |
|a RU
|b RuMRKP
|c 19950704
|g psbo
|
| 801 |
|
1 |
|a RU
|b 63413507
|c 20150421
|
| 801 |
|
2 |
|a RU
|b 63413507
|c 20181218
|g RCR
|
| 942 |
|
|
|c BK
|